| 000 | 00436nam a2200181Ia 4500 | ||
|---|---|---|---|
| 005 | 20240823054826.0 | ||
| 008 | 240823s9999||||xx |||||||||||||| ||und|| | ||
| 041 | _aENGLISH | ||
| 082 | _A820.9 Q5 | ||
| 100 | _aWilliam Henry Hudson | ||
| 245 | 3 | _aAn Outline History of English Literature | |
| 250 | _a1st | ||
| 260 |
_c2015 _bManimekala Publi |
||
| 500 | _aYES | ||
| 650 |
_aLiterature _bEnglish |
||
| 942 | _cBK | ||
| 999 |
_c227367 _d227367 |
||